00475pam a2200157 a 4500020001500000040000800015082002600023245004900049250001200098260007800110300003400188500002000222650002800242700002300270700002400293 a067339705X cDLC00a320 SCO 1988 A017 Or.00aComparative politics today :ba world view / a4th ed. aGlenview, Ill. :bScott, Foresman/Little, Brown College Division,cc1988. axii, 596 p. :bill. ;c24 cm. aIncludes index. 0aComparative government.1 aAlmond, Gabriel A.1 aPowell, G. Bingham.